000
00313 a2200145 4500
001
181372
020
_a
040
_c
Magnum
100
_a
Grossi, Esther Pillar
240
1
0
_a
Identidade e grupo/v.4
_l
por
245
1
0
_a
Identidade e grupo/v.4
362
0
_a
1899
697
_a
MAGNITO: PEDAGOGIA
942
_c
BK
999
_c
181372
_d
181372